Countries recognized by Taiwan - Statistics

General Stats
  • This quiz has been taken 62 times
  • The average score is 53 of 75
Answers on the Map
Answers color-coded by a green-red scale on the quiz's map according to % correct below.
 
Answer Stats
Country % Correct
United States
93%
Brazil
88%
Canada
88%
France
88%
Japan
88%
Mexico
88%
United Kingdom
88%
Argentina
85%
Germany
85%
Italy
85%
Peru
85%
Spain
85%
Netherlands
83%
Poland
83%
Portugal
83%
Russia
83%
Sweden
83%
Belgium
80%
Finland
80%
India
80%
South Korea
80%
Switzerland
80%
Australia
78%
Chile
78%
Colombia
78%
Ecuador
78%
Indonesia
78%
Ireland
78%
New Zealand
78%
South Africa
78%
Thailand
78%
Austria
76%
Denmark
76%
Greece
76%
Guatemala
76%
Paraguay
76%
Saudi Arabia
76%
United Arab Emirates
76%
Vietnam
76%
Czech Republic
73%
Malaysia
73%
Oman
73%
Hungary
71%
Mongolia
71%
Slovakia
71%
Turkey
71%
Latvia
68%
Myanmar
68%
Haiti
66%
Honduras
66%
Israel
66%
Lithuania
66%
Belize
63%
Kuwait
63%
Papua New Guinea
63%
Fed. States of Micronesia
61%
Fiji
61%
Nigeria
61%
Philippines
61%
Jordan
59%
Singapore
59%
Brunei
56%
Palau
56%
Nauru
54%
Taiwan
54%
Tuvalu
54%
Marshall Islands
51%
Eswatini
49%
Maldives
49%
St. Kitts and Nevis
44%
St. Lucia
44%
St. Vincent and Grenadines
44%
Antigua and Barbuda
37%
Ivory Coast
34%
Somaliland
12%
No matching quizzes found
Score Distribution
Percent of People with Each Score
Percentile by Number Answered
Your Score History
You have not taken this quiz